Ready to Run - One Direction (All Lyrics) - Statistics

General Stats
  • This quiz has been taken 21 times
  • The average score is 282 of 344
Answer Stats
Answer % Correct
a
100%
be
100%
i
100%
i'm
100%
ready
100%
run
100%
the
100%
to
100%
you
100%
your
100%
and
94%
don't
94%
mine
94%
of
94%
time
94%
wanna
94%
when
94%
from
88%
in
88%
sun
88%
this
88%
'cause
82%
escape
82%
follow
82%
it
82%
me
82%
there
82%
but
76%
can
76%
can't
76%
city
76%
for
76%
get
76%
never
76%
night
76%
yours
76%
are
71%
back
71%
dark
71%
eyes
71%
free
71%
i'll
71%
is
71%
it's
71%
know
71%
lost
71%
no
71%
out
71%
belong
65%
course
65%
inside
65%
keep
65%
look
65%
my
65%
on
65%
place
65%
running
65%
that
65%
there's
65%
wherever
65%
without
65%
alive
59%
deny
59%
every
59%
love
59%
make
59%
next
59%
then
59%
way
59%
will
59%
yes
59%
alright
53%
boat
53%
chasing
53%
future
53%
life
53%
lightning
53%
now
53%
smile
53%
stay
53%
unless
53%
devil
47%
fine
47%
moment
47%
only
47%
realize
47%
we'll
47%
always
41%
change
41%
finally
41%
gaining
41%
got
41%
sinking
41%
speed
41%
that's
41%
turn
41%
around
35%
foresee
35%
kind
35%
criticize
29%
everything
29%
give
29%
young
29%
rolling
24%
tide
24%
No matching quizzes found
Score Distribution
Percent of People with Each Score
Percentile by Number Answered
Your Score History
You have not taken this quiz